Datum a čas kvízu
28
Celkem bodů
Celkový počet nahraných bodů na tomto kvízu bez doplňovacích otázek.
4.
Pořadí na kvízu
Konečné umístění týmu na tomto kvízu.
Zaznamenané odpovědi
| # | Otázka | Odpověď | Body | Výsledky |
|---|---|---|---|---|
| 1. | Na sedmém kilometru dálnice D1... | tramvaj | 0 | |
| 2. | Senát jednoho státu na jihu US... | Alabama | 1 | |
| 3. | Který známý umělec si vzal v n... | Rytmus / Patrik Vrbovský | 0 | |
| 4. | Čínská společnost Xiaomi přišl... | v automatu | 1 | |
| 5. | Kolik gólů padlo celkem v pond... | 11 gólů | 0 | |
| 6. | Volby do Evropského parlamentu... | čtvrté | 1 | |
| 7. | Z výsledků voleb vzejde i nový... | Jan Zahradil | 0 | |
| 8. | Přiřaďte politické strany k je... | 1C 2B 3A 4D | 0 | |
| 9. | Ve francouzském Štrasburku síd... | Rada Evropy | 1 | |
| 10. | Jedenatřicetiletý kandidát nov... | Tinder | 1 |